Текст томруулах:    
Fundamentals of marketing (Бичлэгийн дугаар. 146022)
000 -УДИРДЛАГА
Удирдлага 00954nam a22003137a 4500
003 - ХЯНАЛТЫН ТОО ТОДОРХОЙЛОГЧ
Код MN-UlNUM
005 - БИЧИЛТ ХИЙСЭН ОГНОО
Тухайн бичилтийг бичсэн засварласан сүүлийн огноо 20251226115104.0
008 - ЕРӨНХИЙ МЭДЭЭЛЭЛ
Ерөнхий мэдээлэл 251226s1990 nyuab||| |||| 001 0 eng |
020 ## - ISBN
ISBN 0070609659
040 ## - БИЧЛЭГ ҮҮСГЭГЧ БАЙГУУЛЛАГА
Бичлэг үүсгэгч номын сангийн код МУИС-ийн номын сан
084 ## - ББК АНГИЛАЛ
Нэмэлт тусгалт Бусад
ББК ангилал 65.290-2
Зохиогчийн гурван тэмдэгт S 81
Мэдлэгийн ялгаа 65 - Эдийн засаг
100 1# - ЗОХИОГЧ
Зохиогчийн нэр Stanton, William J.
245 10 - ҮНДСЭН ГАРЧИГ
Номын нэр Fundamentals of marketing
Оролцогчдын тухай мэдээ William J. Stanton, Michael J. Etzel, Bruce J. Walker.
250 ## - ДАХИН ХЭВЛЭЛТ
Дахин гаралтын дугаар 9th ed.
260 ## - ГАРАЛТЫН МЭДЭЭ
Хэвлэгдсэн газар New York :
Хэвлэлийн газар McGraw-Hill,
Хэвлэгдсэн он 1991.
300 ## - МАТЕРИАЛЫН ТОДОРХОЙЛОЛТ
хуудасны тоо 179p.:
Бусад тоон мэдээлэл col. ill. ;
Хэмжээ 26 cm.
500 ## - Тайлбар
Дансны дугаар БС 4746-4750
546 ## - ХЭЛНИЙ ТУХАЙ МЭДЭЭ
Хэл Англи хэл дээр,
653 ## - Түлхүүр үг
Түлхүүр үг marketing
700 1# - ХАМ ЗОХИОГЧИД
Ба бус Etzel, Michael J.
700 1# - ХАМ ЗОХИОГЧИД
Ба бус Walker, Bruce J.
740 ## - НОМЫН ГАРЧИГ
Гарчиг The field of marketing
740 ## - НОМЫН ГАРЧИГ
Гарчиг The marketing environment
740 ## - НОМЫН ГАРЧИГ
Гарчиг Marketing information systems and marketing research
740 ## - НОМЫН ГАРЧИГ
Гарчиг Marketing segmentation and demographics
740 ## - НОМЫН ГАРЧИГ
Гарчиг Marketing segmentation and demographics
942 ## - ЭЛЕМЕНТИЙН ТӨРӨЛ
Зүйлийн төрөл Ном